000 00610nam a2200241Ia 4500
001 888
005 20240113233434.0
007 ta
008 050127s1969 a g b000 u eng u
020 _cPB
040 _aRef. stack
041 _aeng
082 _a153.3
_bC 315 D
100 _aBondi, Hermann .
245 0 _aDevelopment of the senses /
_cHermann Bondi ed.
_hTextual Documents
250 _a1st ed /
260 _aLondon :
_bMarshall cavendish books ,
_c1969.
300 _a64p. :
_bill ;
_c18cm .
653 _aHistory - senses
942 _2ddc
_cBK
999 _c886
_d886